Fiškálna vyrovnanosť rozpočtu na podporu hospodárskeho rastu

Deficit verejných financií a opatrenia v menovej politike eurozóny. Európska centrálna banka a základná úroková sadzba. Dlhy Grécka voči ostatným členom Únie. Program stability Slovenska na roky 2009-2012. Záujem investorov o podnikanie na Slovensku. Domáci spotrebiteľský dopyt.

Enregistré dans:
Détails bibliographiques
Auteur principal: Hölcz, Róbert
Format: Chapitre de livre
Langue:slovaque
Sujets:
Tags: Ajouter un tag
Pas de tags, Soyez le premier à ajouter un tag!

MARC

LEADER 00000naa$a2200000$$$4500
001 0112985
005 20231006123733.7
041 0 |a slo 
044 |a SK 
245 1 0 |a Fiškálna vyrovnanosť rozpočtu na podporu hospodárskeho rastu  |c Róbert Hölcz 
520 |a Deficit verejných financií a opatrenia v menovej politike eurozóny. Európska centrálna banka a základná úroková sadzba. Dlhy Grécka voči ostatným členom Únie. Program stability Slovenska na roky 2009-2012. Záujem investorov o podnikanie na Slovensku. Domáci spotrebiteľský dopyt. 
610 2 0 |a Európska únia 
610 2 0 |a Slovensko 
610 2 0 |a Európska centrálna banka 
610 2 0 |a sadzby úrokové 
610 2 0 |a politika menová 
610 2 0 |a politika fiškálna 
610 2 0 |a financie verejné 
610 2 0 |a eurozóna 
610 2 0 |a produkt domáci hrubý 
610 2 0 |a dopyt spotrebiteľský 
100 1 |a Hölcz, Róbert